The Plugged-In Manager: Get in Tune with Your People, Technology, and Organization to Thrive. (Record no. 3108)

MARC details
005 - DATE AND TIME OF LATEST TRANSACTION
control field 20250603125203.0
020 ## - INTERNATIONAL STANDARD BOOK NUMBER
International Standard Book Number 978-0-470-90355-1
082 ## - DEWEY DECIMAL CLASSIFICATION NUMBER
Classification number LECT 658 GRI
100 ## - MAIN ENTRY--PERSONAL NAME
Author name GRIFFITH, T. L.
245 ## - TITLE STATEMENT
Title The Plugged-In Manager: Get in Tune with Your People, Technology, and Organization to Thrive.
260 ## - PUBLICATION, DISTRIBUTION, ETC.
Place of publication, distribution, etc. Hoboken,
Name of publisher, distributor, etc. Jossey-Bass,
Date of publication, distribution, etc. 2012.
300 ## - PHYSICAL DESCRIPTION
Extent xiii, 198p.: ill.; figure, table
Other physical details Index
Dimensions 23cm.
942 ## - ADDED ENTRY ELEMENTS (KOHA)
Source of classification or shelving scheme Dewey Decimal Classification
Koha item type Books
Holdings
Date last seen Total checkouts Full call number Barcode Cost, replacement price Price effective from Koha item type Lost status Source of classification or shelving scheme Damaged status Not for loan Withdrawn status Home library Current library Shelving location Date acquired Cost, normal purchase price
06/03/2025   LECT 658 GRI 00000010739 178200.00 06/03/2025 Books   Dewey Decimal Classification       College of Business Education Main Library College of Business Education Main Library General Collection 06/19/2017 59400.00
06/03/2025   LECT 658 GRI 00000010740 178200.00 06/03/2025 Books   Dewey Decimal Classification       College of Business Education Main Library College of Business Education Main Library General Collection 06/19/2017 59400.00
06/03/2025   LECT 658 GRI 00000010741 178200.00 06/03/2025 Books   Dewey Decimal Classification       College of Business Education Main Library College of Business Education Main Library General Collection 06/19/2017 59400.00
06/03/2025   LECT 658 GRI 00000010742 178200.00 06/03/2025 Books   Dewey Decimal Classification       College of Business Education Main Library College of Business Education Main Library General Collection 06/19/2017 59400.00
06/03/2025   LECT 658 GRI 00000010743 178200.00 06/03/2025 Books   Dewey Decimal Classification       College of Business Education Main Library College of Business Education Main Library General Collection 06/19/2017 59400.00